1273 1234 1757 1643 1472 1631 1748 1217 1053 1562 1288 1306 1178 1900 1727 1119 1163 1340 1181 1543 1870 1927 1818 1744 1179 1407 1055 1698 1997 1329 1475 1725 1802 1558 1047 1635 1274 1534 1707 1963 1584 1353 1083 1873 1649 1805 1650 1763 1594 1433 1422 1559 1631 1788 1371 1223 1119 1594 1628 1284 1668 1401 1618 1769 1486 1854 1270 1604 1506 1237 1141 1833 1036 1465 1894 1942 1838 1880 1508 1668 1850 1902 1934 1019 1898 1317 1717 1300 1577 1418 1515 1032 1703 1808 1559 1204 1997 1527 1612 BCNSPRNW ULIB Ver.6.0+V

เปลี่ยนเป็นภาษาไทย

Change to English
 แสดงรายละเอียดบรรณานุกรม
  กลับหน้าหลัก

Brief Record : Get Marc (ISO 2709) : E-mail record : QR code < ปิดหน้าต่าง
LEADER : 00000nam 2200000uu 4500
001    13399121254
003     ULIB
008    121113s2551||||th 000 0 tha d
020    ^a9786115140145
050  4 ^aPL4209.M6^bม125ป 2551
100 0  ^aมงกุฎเกล้าเจ้าอยู่หัว,^cพระบาทสมเด็จพระ,^d2423-2468
245 10 ^aประมวลนิทาน ร. 6 /^cพระนิพนธ์;พระบาทสมเด็จพระมงกุฎเกล้าเจ้าอยู่หัว
260    ^aกรุงเทพฯ :^bไทยควอลิตี้บุคส์,^c2551
300    ^a423 หน้า :^bภาพประกอบ ;^c21 ซม.
600 07 ^aมงกุฎเกล้าเจ้าอยู่หัว,^cพระบาทสมเด็จพระ,^d2423-2468^xพระราชนิพนธ์
650  4 ^aนิทาน^zไทย
945    ^p260^l0^i18097
995    ^aกัณชพร
999 ^a ใช้งานได้ทุกระบบ
รายการนี้ยังไม่มีแท็ก
คุณยังไม่ได้ล็อกอิน คุณสามารถมีกิจกรรมร่วมกับเว็บไซต์ได้ แต่ต้องล็อกอินก่อน ::
  ล็อกอิน

รายการสื่อสารสนเทศ

ลำดับที่ ประเภท เลขเรียก/บาร์โค้ด สถานที่ สถานะ
1. วิทยาศาสตร์การแพทย์ และสุขภาพ
วิทยาศาสตร์การแพทย์ และสุขภาพ
PL4209.M6 ม125ป 2551  
  Barcode: 18097
ห้องสมุดวิทยาเขตสวรรค์ประชารักษ์
►หนังสือทั่วไป
บนชั้น

BibComment


ยังไม่เคยถูกคอมเมนท์

คอมเมนท์ทรัพยากรรายการนี้
  คอมเมนท์: ประมวลนิทาน ร 6 ..


 Copyright 2026. Bcnsprnw @Library